| 000 | 00449cam a2200169ua 4500 | ||
|---|---|---|---|
| 020 | _c5.00 | ||
| 041 |
_aeng _h |
||
| 082 |
_a320.58 _bbaN/ Co |
||
| 100 | _aBandarant, Joan V . | ||
| 245 | 0 | 0 |
_aConguest of violence the gandhian philosophy of conflict / _cJoan V Bandarant. _hTextual Documents |
| 260 |
_aBombay : _bOxford university , _c1959. |
||
| 300 | _a265 ; . | ||
| 365 | _a5.00 | ||
| 504 | _a | ||
| 942 | _cBK | ||
| 999 |
_c2538 _d2538 |
||